000 005800000a22001810004500
003 MACL
005 20160602113147.0
008 160602b xxu||||| |||| 00| 0 eng d
040 _aMACL
_cMACL
041 _aHindi
082 _a920 GUP
100 _aगुप्‍ता, अमित
_959994
245 _aगोपालकृष्‍ण गोखले
_cअमित गुप्‍ता
260 _bएक्‍सल पब्लिकेशन
_c2005
_aनई दिल्‍ली
350 _a150
650 _aBiography
_961562
942 _cHIN
_k920/GUP
_2ddc
999 _c11274
_d11274